|
|
|
|
| LEADER |
00000nam2a2200000 4500 |
| 001 |
262579 |
| 005 |
20231101233650.0 |
| 035 |
|
|
|a (RuTPU)RU\TPU\book\285562
|
| 035 |
|
|
|a RU\TPU\book\280987
|
| 090 |
|
|
|a 262579
|
| 100 |
|
|
|a 20140602d1988 k y0rusy50 ca
|
| 101 |
0 |
|
|a rus
|
| 102 |
|
|
|a UZ
|
| 105 |
|
|
|a y z 001zy
|
| 200 |
0 |
|
|a Вып. 136 : Техническая кибернетика и теория информации
|
| 210 |
|
|
|d 1988
|
| 215 |
|
|
|a 137 с.
|
| 320 |
|
|
|a Библиогр. в конце статей
|
| 461 |
|
1 |
|0 (RuTPU)RU\TPU\book\169061
|x 0321-2769
|t Вопросы кибернетики
|o сборник научных трудов
|f Академия наук Узбекской ССР, Научно-издательский совет ; отв. ред. Т. Ф. Бекмуратов
|v Вып. 136 : Техническая кибернетика и теория информации
|d 1966-1991
|
| 606 |
1 |
|
|a Кибернетика
|2 stltpush
|3 (RuTPU)RU\TPU\subj\39446
|9 59539
|
| 610 |
1 |
|
|a распознавание образов
|
| 610 |
1 |
|
|a данные
|
| 610 |
1 |
|
|a передача данных
|
| 610 |
1 |
|
|a сети
|
| 610 |
1 |
|
|a математическая логика
|
| 610 |
1 |
|
|a технологические процессы
|
| 610 |
1 |
|
|a управление
|
| 610 |
1 |
|
|a самоорганизация
|
| 610 |
1 |
|
|a пространственные размерные цепи
|
| 675 |
|
|
|a 681.5
|v 3
|
| 801 |
|
1 |
|a RU
|b 63413507
|c 20081212
|g PSBO
|
| 801 |
|
2 |
|a RU
|b 63413507
|c 20170125
|g PSBO
|
| 942 |
|
|
|c BK
|